000 002700000a22001090004500
090 _aAS
_bSeriadas
245 1 0 _aBromeliaceas notables de Colombia IV
041 0 _aEspaƱol
100 1 _aSmith, Lyman B.
_917956
942 _cARTICULO
773 1 _tCaldasia
_h21
_q1-16
_d1948
_g5
999 _c15631
_d15631